000 00666nam a2200253 i 4500
001 C2-0252976
003 PPAK
005 20180727220110.0
008 031224s2002 enk |||| ||||| | eng d
020 _a0007171994
040 _aPPAK
_beng
_cPPAK
_erda
082 0 4 _a823
_223
090 0 0 _a823
_bTOL
_dG
100 1 _aTolkien, J.R.R.,
_eauthor
245 1 4 _aThe return of the king
264 1 _aLondon :
_bHaperCollins ,
_c2002
300 _a554 pages ;
_c18 cm
336 _2rdacontent
_atext
337 _2rdamedia
_aunmediated
338 _2rdacarrier
_avolume
500 _aPart 3 of The lord of the rings
650 1 0 _aEnglish fiction
942 _ddc
_cB
999 _c65943
_d65943